| 000 | 00363nam a22001217a 4500 | ||
|---|---|---|---|
| 020 | _a9783791369150 | ||
| 100 | _aPhilip Jodidio (Editor) | ||
| 245 |
_aLahore: a framework for urban conservation _cPhilip Jodidio (Editor) |
||
| 260 |
_aNew York _bPrestel Verlag _c2019 |
||
| 300 | _a400p | ||
| 942 |
_2ddc _cBK |
||
| 999 |
_c541242 _d541242 |
||